000 00294nam a22001457a 4500
008 210429b ||||| |||| 00| 0 eng d
020 _a9781308319759
041 _aeng
080 _a521
082 _a521
100 _a42
101 _aAST
245 _aAstronomy
_cAST,
942 _2udc
_cBK
999 _c57007
_d57007